000 nam a22 7a 4500
999 _c127577
_d127577
008 180302b xxu||||| |||| 00| 0 eng d
050 _aPR6023.E926 A16
100 _aLewis, Clive Staples
_940132
245 _aSelected literary essays
_cClive S. Lewis
260 _aCambridge
_bCambridge University Press
_c1969
300 _axx, 329p. ;
_c21cm.
700 _aHooper, Walter (ed.)
_940134
942 _2lcc
_cMONOGRAPH